| 000 | 00489nam a2200157Ia 4500 | ||
|---|---|---|---|
| 008 | 220216s9999 xx 000 0 und d | ||
| 100 | _aMathew N.M. | ||
| 245 | 0 | _aDevelopments in plantation crops research: Placrosym XII, 27-29 November 1996, Kottayam, India. | |
| 260 |
_bAllied Publishers, New Delhi, India, 343 p. _c1998 |
||
| 650 | _aCrop improvement | ||
| 650 | _aCrop management | ||
| 650 | _aCrop processing | ||
| 650 | _aPlantation crop | ||
| 700 | _aJacob C.K. | ||
| 942 | _cBS | ||
| 999 |
_c52667 _d52667 |
||